000 01234ctm a22002531i 4500
003 SA-RiAUC
005 20260419123838.0
008 260416s2020 su f bm 000 0 ara c
040 _aSA-JeALM
_bara
_cSA-RiAUC
_erda
043 _aa-ku---
082 0 4 _a332.3809538
_qSA-RiAUC
090 _a332.3809538
_bب ع ل
100 1 _aالبعلي، عبدالحميد محمود.
_eمؤلف.
245 1 0 _aالمنافسة بين شركات التأمين التكافلي والتقليدي مع مشروع وثيقة تأمين تكافلي متكاملة
_cتأليف عبدالحميد محمود البعلي.
264 0 _a[مكان النشر غير محدد] :
_b[شركة التكافل الدولية للتأمين التكافلي]،
_c[بين 2005 و2010]
300 _a136 صفحة ؛
_bإيضاحات ؛
_c28 سم.
336 _aنص
_btxt
_2rdacontent
_3كتاب
337 _aبدون وسيط
_bn
_2rdamedia
650 7 _aشركات التأمين
_xجوانب اقتصادية
_2aucsh
650 7 _aالتأمين الاجتماعي
_xجوانب اقتصادية
_zالكويت
_2aucsh
650 7 _aالتأمين
_xجوانب اقتصادية
_2aucsh
942 _2ddc
_cBOOK
_n0
949 _aSA-JeALM
_d260416
_uosman123
_n1
999 _c14816
_d14816